000 00632nam a2200193Ii 4500
003 JO-AjNU
008 230605s9999||||xx |||||||||||||| ||und||
040 _aJO-AjNU
_bara
_erda
_cJO-AjNU
041 _aara
050 1 4 _aGF41.J83 1996
100 3 _aالجوهري، يسرى عبد الرزاق,
_eauthor
_938299
245 0 0 _aالجغرافية البشرية
264 3 1 _aالاسكندرية: مؤسسة شباب الجامعة،1996
300 _a546ص
336 _atext
_btxt
_2rdacontent
337 _aunmediated
_bn
_2rdamedia
338 _avolume
_bnc
_2rdacarrier
650 4 _aالجغرافية البشرية
_938300
999 _aA16079
_c19647
_d19647